000 01198nam a22002897a 4500
001 9705
003 FISKH
005 20260130091833.0
008 260130b cb ||||| |||| 00| 0 eng d
020 _a9780710509031
040 _aFISKH
_beng
_cFISKH
_dFISKH
050 _aPZ7
082 _a398.2
100 _aAnonymous
_eAuthor
245 _aThe elves and the shoemaker /
_cIllustrated by Jenny Press ; courtesy of Simon Girling & Associates
260 _aBridlington :
_bPeter Haddock Ltd ,
_c1996
300 _a14 unnumbered pages :
_bcolor illustrations ;
_c16 cm
505 _aE
520 _aThe Elves and the Shoemaker is a retelling of the familiar tale in which a poor shoemaker, struggling to make ends meet, goes to bed one night only to find that helpful elves have made beautiful shoes for him overnight. Their kindness transforms his fortunes, showing young readers themes of generosity, gratitude, and the magic of kindness.
521 8 _a300
_bLexile estimate
521 8 _aE
_bRaz-Plus
650 _aChildren’s fairy tale
_vEarly readers
650 _vElves
_2Magic of kindness
700 _aPress, Jenny
_eIllustrator
942 _2ddc
_cBK
_n0
999 _c9705
_d9705